[Event "Crema op 11th"]
[Site "Crema"]
[Date "2009.09.06"]
[Round "5"]
[White "Petrone, Gianmario"]
[Black "Ornaghi, Giovanni"]
[Result "1-0"]
[WhiteElo "1752"]
[BlackElo "1568"]
[PlyCount "73"]
[EventDate "2009.09.04"]
[EventType "swiss"]
[EventRounds "6"]
[EventCountry "ITA"]
[SourceTitle "EXT 2011"]
[Source "ChessBase"]
[SourceDate "2010.11.26"]
[SourceVersion "1"]
[SourceVersionDate "2010.11.26"]
[SourceQuality "1"]

1. e4 e6 2. d4 d5 3. Nc3 Nf6 4. e5 Nfd7 5. f4 c5 6. Be3 Nc6 7. Nf3 a6 8. a4 Be7 9. Ne2 0-0 10. c3 f6 11. Ng3 fxe5 12. fxe5 cxd4 13. cxd4 Bb4+ 14. Bd2 Qa5 15. Bd3 Bxd2+ 16. Qxd2 Qxd2+ 17. Kxd2 Rxf3 18. gxf3 Nxd4 19. Ke3 Nb3 20. Ra3 Ndc5 21. Bc2 Na5 22. Kd4 Nd7 23. f4 Nc6+ 24. Ke3 Nc5 25. Rc1 b6 26. Ne2 Bb7 27. Nd4 Na5 28. Bd3 Rf8 29. Be2 Nc6 30. Nxc6 Bxc6 31. Bd1 d4+ 32. Kxd4 Rxf4+ 33. Ke3 Re4+ 34. Kf2 Rxe5 35. Re3 Rf5+ 36. Ke1 Rg5 37. b4 1-0